1061 1054 1419 1796 1550 1457 1514 1741 1978 1259 1532 1849 1014 1805 1213 1680 1629 1006 1625 1573 1494 1887 1748 1917 1753 1387 1509 1563 1303 1246 1031 1792 1659 1709 1602 1458 1311 1104 1972 1785 1196 1008 1408 1229 1939 1228 1400 1630 1819 1343 1620 1517 1145 1991 1641 1841 1948 1542 1420 1067 1245 1328 1315 1704 1297 1555 1848 1849 1692 1109 1614 1170 1800 1917 1482 1579 1279 1373 1867 1729 1124 1081 1355 1965 1769 1381 1024 1943 1262 1044 1843 1472 1532 1716 1923 1563 1728 1018 1574 BCNSPRNW ULIB Ver.6.0+V

เปลี่ยนเป็นภาษาไทย

Change to English
 แสดงรายละเอียดบรรณานุกรม
  กลับหน้าหลัก

Brief Record : Get Marc (ISO 2709) : E-mail record : QR code < ปิดหน้าต่าง
LEADER : 00000nam 2200000uu 4500
001    13399114847
003     ULIB
008    120611s2553||||th 000 0 tha d
020    9786160602445
090    ^aนว.^bอ525ป 2553
100 0  ^aอัญชรีย์
245 00 ^aปริศนารักจากกามเทพ/^cอัญชรีย์
250    ^aพิมพ์ครั้งที่ 4
260    ^aกรุงเทพฯ:^bแจ่มใส, 2553
300    ^a488 หน้า
945    ^p279^l0^i18290
995    ^aกัณชพร
999    ^aใช้งานได้ทุกระบบ
รายการนี้ยังไม่มีแท็ก
คุณยังไม่ได้ล็อกอิน คุณสามารถมีกิจกรรมร่วมกับเว็บไซต์ได้ แต่ต้องล็อกอินก่อน ::
  ล็อกอิน

รายการสื่อสารสนเทศ

ลำดับที่ ประเภท เลขเรียก/บาร์โค้ด สถานที่ สถานะ
1. นวนิยาย
นวนิยาย
นว. อ525ป 2553  
  Barcode: 18290
ห้องสมุดวิทยาเขตสวรรค์ประชารักษ์
►นวนิยาย
บนชั้น
  ขอยืม

รายการใกล้เคียง
    ผู้แต่ง [อัญชรีย์]

BibComment


ยังไม่เคยถูกคอมเมนท์

คอมเมนท์ทรัพยากรรายการนี้
  คอมเมนท์: ปริศนารักจากกามเ..


 Copyright 2026. Bcnsprnw @Library